|
|
|
|
| LEADER |
00000cam a2200000 7i4500 |
| 001 |
0000002414 |
| 005 |
20030609.0 |
| 020 |
0 |
0 |
|a 0250401525
|
| 090 |
0 |
0 |
|a 543
|b PIN 1978
|
| 100 |
1 |
0 |
|a PINTA
|h Maurice
|
| 245 |
1 |
0 |
|a Modern methods for trace element analysis
|c Maurice Pinta ; Ronald M. Scott and Krishnaswamy Rengan, technical advisors ; translated from the French by STS, Incorporated
|
| 260 |
0 |
0 |
|a Ann Arbor, Mich. :
|b Ann Arbor Science ,
|c 1978
|
| 300 |
|
|
|a xi, 492 p. :
|b ill. ;
|c 24 cm.
|
| 500 |
0 |
0 |
|a Includes bibliographies and indexes
|
| 650 |
0 |
0 |
|a Trace elements
|x Analysis
|
| 700 |
0 |
1 |
|a Rengan
|h Krishnaswamy
|
| 700 |
0 |
1 |
|a Scott
|h Ronald McLean ,
|c 1933-
|
| 998 |
|
|
|a JPSM
|
| 999 |
|
|
|a 0000004090
|b Monograph
|c Open Shelf
|e Default branch
|